El delito de encubrimiento / (Registro nro. 5489)
[ vista simple ]
| 000 -LEADER | |
|---|---|
| fixed length control field | 01289nab a22002417a 4500 |
| 003 - CONTROL NUMBER IDENTIFIER | |
| control field | OSt |
| 005 - DATE AND TIME OF LATEST TRANSACTION | |
| control field | 20251209095117.0 |
| 008 - FIXED-LENGTH DATA ELEMENTS--GENERAL INFORMATION | |
| fixed length control field | 190502c xxu||||| |||| 00| 0 spa d |
| 040 ## - CATALOGING SOURCE | |
| Transcribing agency | PJ |
| 100 ## - MAIN ENTRY--PERSONAL NAME | |
| Personal name | Yáñez Mosteirin, Agustina |
| 9 (RLIN) | 6483 |
| 245 13 - TITLE STATEMENT | |
| Title | El delito de encubrimiento / |
| Statement of responsibility, etc | Agustina Yáñez Mosteirin. |
| 260 ## - PUBLICATION, DISTRIBUTION, ETC. (IMPRINT) | |
| Place of publication, distribution, etc | Ciudad Autónoma de Buenos Aires : |
| Name of publisher, distributor, etc | Thomson Reuters La Ley, |
| Date of publication, distribution, etc | 2025. |
| 300 ## - PHYSICAL DESCRIPTION | |
| Extent | p. 3-11 |
| 500 ## - GENERAL NOTE | |
| General note | Cita Online: AR/DOC/835/2025. |
| 505 ## - FORMATTED CONTENTS NOTE | |
| Formatted contents note | Sumario: I. Bien jurídico protegido.— II. Encubrimiento o participación: dos figuras que se excluyen entre sí.— III. Sujeto activo.— IV. Delito precedente.— V. Tipo subjetivo.— VI. Encubrimiento por favorecimiento personal.— VII. Encubrimiento por favorecimiento real.— VIII. Encubrimiento por receptación.— IX. Agravantes.— X. Eximente de responsabilidad: excusa absolutoria.— XI. Competencia |
| 505 ## - FORMATTED CONTENTS NOTE | |
| Title | ¿Te interesa el texto completo? Solicitalo al correo: koha@justierradelfuego.gov.ar |
| 650 #0 - SUBJECT ADDED ENTRY--TOPICAL TERM | |
| 9 (RLIN) | 343 |
| Topical term or geographic name as entry element | DERECHO PENAL |
| 650 #0 - SUBJECT ADDED ENTRY--TOPICAL TERM | |
| 9 (RLIN) | 3136 |
| Topical term or geographic name as entry element | DELITOS |
| 650 #0 - SUBJECT ADDED ENTRY--TOPICAL TERM | |
| 9 (RLIN) | 5942 |
| Topical term or geographic name as entry element | ENCUBRIMIENTO |
| 650 #0 - SUBJECT ADDED ENTRY--TOPICAL TERM | |
| 9 (RLIN) | 2818 |
| Topical term or geographic name as entry element | AGRAVANTES DE LA PENA |
| 773 0# - HOST ITEM ENTRY | |
| Host Biblionumber | 2729 |
| Host Itemnumber | 3180 |
| Place, publisher, and date of publication | Buenos Aires : LexisNexis, 2006- |
| Title | Revista de derecho penal y procesal penal. Nº 6 - Junio 2025 |
| International Standard Book Number | 9875920622 |
| 942 ## - ADDED ENTRY ELEMENTS (KOHA) | |
| Source of classification or shelving scheme | |
| Koha item type | Analítica Artículo de Revista |
No hay ítems disponibles.
